CORPORATE ACCOUNTING (Record no. 9063)
[ view plain ]
| 000 -LEADER | |
|---|---|
| fixed length control field | 00474nam a22001577a 4500 |
| 003 - CONTROL NUMBER IDENTIFIER | |
| control field | SGT |
| 020 ## - INTERNATIONAL STANDARD BOOK NUMBER | |
| International Standard Book Number | 9788178556680 |
| 082 ## - DEWEY DECIMAL CLASSIFICATION NUMBER | |
| Classification number | 657.95.GOE |
| 100 ## - MAIN ENTRY--PERSONAL NAME | |
| Personal name | GOEL,D K |
| 245 ## - TITLE STATEMENT | |
| Title | CORPORATE ACCOUNTING |
| 260 ## - PUBLICATION, DISTRIBUTION, ETC. (IMPRINT) | |
| Place of publication, distribution, etc | NEW DELHI |
| Name of publisher, distributor, etc | ARYA PUBLICCATIONS |
| Year of Publication | 2014 |
| 300 ## - PAGE DESCRIPTION | |
| No. of Pages | V.P |
| 650 ## - SUBJECT ADDED ENTRY--TOPICAL TERM | |
| Topical term or geographic name as entry element | ACCOUNT |
| 653 ## - KEYWORDS--INDEX TERM | |
| Keyword term | ISSUE OF SHARES,REDEMPTION OF PREFERENCE SHARES,ISSUE OF DEBENTURES VALUATION OF COMPANIES,INTERNAL RECONSTRUCTION,ACCOUNTS OF HOLDING COMPANIES |
| 942 ## - ADDED ENTRY ELEMENTS (KOHA) | |
| Source of classification or shelving scheme | Dewey Decimal Classification |
| Koha item type | FCM Books |
| 942 ## - ADDED ENTRY ELEMENTS (KOHA) | |
| -- | 9 |
| Withdrawn status | Lost status | Source of classification or shelving scheme | Damaged status | Not for loan | Collection code | Home library | Current library | Shelving location | Date acquired | Vendor Name | Cost, normal purchase price | SGTU | Bill Number | Total Checkouts | Total Renewals | Full call number | Accession No. (Barcode) | Date last seen | Date last borrowed | Bill Date | Koha item type |
|---|---|---|---|---|---|---|---|---|---|---|---|---|---|---|---|---|---|---|---|---|---|
| Dewey Decimal Classification | COMMERCE MANAGEMENT | SGT Science & Social Sciences Library | SGT Science & Social Sciences Library | Text Book | 15/06/2016 | KRITI PRAKASHAN | 540.00 | SGTU | 2392 | 30 | 1 | 657.95.GOE | CM723 | 12/06/2024 | 04/06/2024 | 23/03/201 | FCM Books | ||||
| Withdrawn | Dewey Decimal Classification | COMMERCE MANAGEMENT | SGT Science & Social Sciences Library | SGT Science & Social Sciences Library | Text Book | 15/06/2016 | KRITI PRAKASHAN | 540.00 | SGTU | 2392 | 657.95.GOE | CM724 | 15/06/2016 | 23/03/201 | FCM Books | ||||||
| Dewey Decimal Classification | COMMERCE MANAGEMENT | SGT Science & Social Sciences Library | SGT Science & Social Sciences Library | Text Book | 15/06/2016 | KRITI PRAKASHAN | 540.00 | SGTU | 2392 | 35 | 2 | 657.95.GOE | CM725 | 07/06/2024 | 21/05/2024 | 23/03/201 | FCM Books |